00908nam a2200253 i 450000100060000000300090000600500170001500700030003200800410003502000180007608000420009413000320013624500670016825000120023526000770024730000220032449000240034660000540037070000370042483000320046185200220049399900170051595201220053254044ES-MaACL20230906162901.0t|031121s1994 sp ||||1| spa d a84-7564-153-9 a821.134.2 Espinosa, Miguel 1.06 (063)0 aMiguel de Espinosa.912301210aMiguel Espinosa / c[coordinación, Victorino Polo García]. a1ª ed. a[Murcia : bV Centenario, Comisión Editora Regional de Murcia],c1994. a684 p. ; c22 cm.1 aCarabelas. Congreso14aEspinosa, Miguel-vCongresos y asambleas.91723681 aPolo García, Victorino.9928781 aCarabelas. Congreso9230287 aES-MaACLjL-26701 c54044d54044 00104070aATENEOMbATENEOMcDEPO2d2008-01-17eSCl0oL-26701p1056799r2023-02-23 00:00:00w2023-02-23yMONOGRAFIA